Indicateurs de Performance - Organisation Industrielle - Statistiques

Statistiques générales
  • Ce quiz a été pris 2 fois
  • Le résultat moyen est 3 sur 43
Statistiques - réponses
Indice Réponse % Correct
Le ... est roi client
100%
Demande ... Offre (nom du symbole <>=) égale
50%
Méthode d'amélioration de performance L… Lean
50%
Que signifie TRS Taux de rendement synthétique
50%
Comment calcule t-on le TRS ? Tu/Tr
50%
Méthode d'amélioration de performance contenant une lettre grecque 6 Sigma
0%
L'économie d'après 1980 était une économie d' Abondance
0%
Entreprise… Commerciale
0%
Entreprise… Créatrice
0%
Entre 1960 et 1980, on avait une économie d' Équilibre
0%
Le ... est roi fournisseur
0%
Investissements … immatériels
0%
et d'… … … pour créer une culture de fiabilité implication des employés
0%
Demande ... Offre (nom du symbole <>=) inférieure à
0%
Que signifie KPI Key Performance Indicator
0%
Elle combine des éléments de Maintenance préventive
0%
Que signifie TPM dans méthode TPM Maintenance Productive Totale
0%
... Dominant Marketing
0%
Investissements … matériels
0%
Production … (2 mots) moins stable
0%
L'économie avant 1960 était une économie de… Pénurie
0%
En minimisant les … et … pertes et gaspillages
0%
… Prioritaire Process
0%
… dominante Production
0%
La TPM vise à améliorer la … d'une entreprise productivité
0%
Entreprise… Productrice
0%
Logique: … Produire
0%
… Prioritaire Produit
0%
Époque de la … qualité
0%
de qualité
0%
Époque de la … quantité
0%
Production … stable
0%
Demande ... Offre (nom du symbole <>=) supérieure à
0%
le [réponse précédente] auquel on soustrait les arrêts propres tels que les pannes et divers problèmes non planifiés sur l’outil de production Tfb
0%
le [réponse précédente] auquel on soustrait les pertes de performance dues à des baisses de cadence, des problèmes opérateurs, des micros-arrêts et autres défauts Machine (... = n pièces produites * temps de cycle nominal) Tfn
0%
Partie du [réponse précédente] correspondant à l’amplitude des horaires de travail du moyen de production To
0%
le [réponse précédente] auquel on soustrait les arrêts planifiés tels que les opérations de maintenance, les pauses, les essais prévus sur l’équipement... Tr
0%
… : Il s’agit du temps réellement consacré à produire de la qualité sur 24 heures. TRE
0%
… : Il s’agit du temps réellement consacré à produire de la qualité sur les horaires d’ouverture de l’atelier. TRG
0%
Le … est un indicateur essentiel dans l'application de la TPM TRS
0%
Pour une journée, le … ... est de 24h; pour une semaine, le … ... est de 168h (si 7 jours ouvrés); pour un an le … … est de 365jours x 24h, etc. Tt
0%
le [réponse précédente] auquel on soustrait le temps passé à produire de la non qualité (rebus). Le ... correspond donc au temps effectif à produire de la qualité. Tu
0%
puis … Vendre
0%
Aucun quiz correspondant
Distribution des résultats
% des personnes avec chaque résultat
Percentile par nombre de réponses
Votre historique - résultats
Vous n’avez pas pris ce quiz